00367nam a2200109Ia 4500008004100000020001800041100001900059245006800078260003900146650002200185856005000207171212s9999 xx 000 0 und d a9781922064479 aHancock, Keith cHancock, KeithaAustralian Wage PolicybInfancy and Adolescence bUniversity of Adelaide Pressc2013 aPolitical Science uhttp://jstor.org/stable/10.20851/j.ctt1t304nc